| 000 | 01357cam a22003251i 4500 | ||
|---|---|---|---|
| 003 | SA-RiAUC | ||
| 005 | 20241003142801.0 | ||
| 008 | 241002s2003 su g b f00100 ara c | ||
| 020 | _a9960002306 | ||
| 040 |
_aLebU _bara _cSA-RiAUC _erda |
||
| 050 | 4 | _b.S89 2003 | |
| 082 | 0 | 4 | _a418.02 |
| 090 |
_a418.02 _b ص و ي |
||
| 100 | 1 |
_aالصوينع، علي سليمان علي، _d1370 هجري- _eمؤلف. |
|
| 245 | 1 | 0 |
_aتوثيق الترجمة والتعريب / _cتأليف علي بن سليمان الصوينع. |
| 250 | _aالطبعة الأولى. | ||
| 264 | 1 |
_aالرياض : _bمكتبة الملك فهد الوطنية، _c2003 |
|
| 300 |
_a226 صفحة ؛ _c24 سم. |
||
| 336 |
_aنص _btxt _2rdacontent _3كتاب |
||
| 337 |
_aبدون وسيط _bn _2rdamedia |
||
| 338 |
_aمجلد _bnc _2rdacarrier |
||
| 490 | 0 |
_aمطبوعات مكتبة الملك فهد الوطنية ؛ _vالسلسلة الثانية ؛ _v42 |
|
| 500 | _aيشتمل على كشاف باللغة اللاتينية. | ||
| 504 | _aببليوجرافية : صفحة 179-180. | ||
| 504 | _aيشتمل على إرجاعات ببليوجرافية. | ||
| 520 | 0 | _aيتناول الكتاب الترجمة والتعريب. | |
| 650 | 7 |
_aالترجمة العربية _2aucsh |
|
| 942 |
_2ddc _cBOOK _n0 |
||
| 949 |
_aSA-JeALM _d241002 _umohamedma123 _n1 |
||
| 999 |
_c847 _d847 |
||